Normal view
MARC view
- الاردن - تاريخ - قصر رغدان العامر
Entry Topical Term
001 - CONTROL NUMBER
- control field: 58808
003 - CONTROL NUMBER IDENTIFIER
- control field: JO-AjAnu
005 - DATE AND TIME OF LATEST TRANSACTION
- control field: 20230606083624.0
008 - FIXED-LENGTH DATA ELEMENTS
- fixed length control field: 230606|| aca||aabn | a|a d
040 ## - CATALOGING SOURCE
- Original cataloging agency: JO-AjAnu
- Transcribing agency: JO-AjAnu
150 ## - HEADING--TOPICAL TERM
- Topical term or geographic name entry element: الاردن - تاريخ - قصر رغدان العامر
670 ## - SOURCE DATA FOUND
- Source citation: Work cat.: (JO-AjAnu)29997: اشراف وحدة التوثيق والارشفة - الديوان الملكي العامر؛ المادة والبحث العلمي منتهى قبلان العبداللات، سامر سميح الفنش، متابعة وتحرير وتنسيق جنان زكي أبو زياد واخرون, author 58807, قصر رغدان العامر: شاهد على النشاة والنهضة